Online
Catalog

Trujillo, o, La transfiguración dominicana / (Record no. 26505)

MARC details
000 -CABECERA
campo de control de longitud fija 00883nam a2200241 a 4500
001 - NÚMERO DE CONTROL
campo de control 000027013
003 - IDENTIFICADOR DEL NÚMERO DE CONTROL
campo de control DO-SdBNP
005 - FECHA Y HORA DE LA ÚLTIMA TRANSACCIÓN
campo de control 20250618094650.0
008 - DATOS DE LONGITUD FIJA--INFORMACIÓN GENERAL
campo de control de longitud fija 110328t1945 dr ac r 001 0bspa d
040 ## - FUENTE DE LA CATALOGACIÓN
Centro catalogador/agencia de origen DO-SdBNP
Lengua de catalogación spa
Centro/agencia transcriptor BNPHU
082 ## - NÚMERO DE LA CLASIFICACIÓN DECIMAL DEWEY
Número de clasificación 923.17293
Número de documento/Ítem T866F
100 1# - ENTRADA PRINCIPAL--NOMBRE DE PERSONA
Nombre de persona Fernández Mato, Ramón,
Fechas asociadas al nombre 1889-1980
9 (RLIN) 54115
245 10 - MENCIÓN DE TÍTULO
Título Trujillo, o, La transfiguración dominicana /
Mención de responsabilidad, etc. Ramón Fernández Mato ; epílogo Pedro González-Blanco.
246 13 - FORMA VARIANTE DE TÍTULO
Título propio/Titulo breve La transfiguración dominicana
260 ## - PUBLICACIÓN, DISTRIBUCIÓN, ETC.
Lugar de publicación, distribución, etc. México :
Nombre del editor, distribuidor, etc. Galatea,
Fecha de publicación, distribución, etc. 1945.
300 ## - DESCRIPCIÓN FÍSICA
Extensión 2 v. :
Otras características físicas il., retrs. ;
Dimensiones 23 cm.
500 ## - NOTA GENERAL
Nota general Incluye referencias bibliográfíicas y notas al pie de las páginas.
590 ## - NOTA LOCAL (RLIN)
Nota local Inventariado, 2019/BT
600 10 - PUNTO DE ACCESO ADICIONAL DE MATERIA--NOMBRE DE PERSONA
Nombre de persona Trujillo Molina, Rafael Leónidas,
Fechas asociadas al nombre 1891-1961
9 (RLIN) 76764
700 1# - PUNTO DE ACCESO ADICIONAL--NOMBRE DE PERSONA
Nombre de persona González-Blanco, Pedro
9 (RLIN) 44950
910 ## - DATOS DE OPCIÓN DEL USUARIO (OCLC)
Datos de opción del usuario Validado. Control de calidad. EMS
942 ## - ELEMENTOS DE PUNTO DE ACCESO ADICIONAL (KOHA)
Fuente del sistema de clasificación o colocación Dewey Decimal Classification
Tipo de ítem Koha Libro
Holdings
Estado de retiro Estado de pérdida No para préstamo Código de colección Localización permanente Ubicación/localización actual Ubicación en estantería Fecha de adquisición Número de inventario Total de préstamos Signatura topográfica completa Código de barras Fecha visto por última vez Precio válido a partir de Tipo de ítem Koha Restricciones de uso Nota pública
      Patrimonio Dominicano General General Orden iniciada 06.03.2019 LF1   923.17293 T866F 27013-120 25.06.2020 25.06.2020 Libro y Folleto Colección Patrimonio Dominicano    
      Raros y valiosos General General Depósito 06.03.2019 LF1   923.17293 T866F | v. 2, e. 4 27013-100 25.06.2020 25.06.2020 Préstamo en sala   Perteneció a la biblioteca personal de Germán Emilio Ornes.
      Raros y valiosos General General Depósito 06.03.2019 LF1   923.17293 T866F | v. 2, e. 5 27013-110 25.06.2020 25.06.2020 Préstamo en sala    
      Raros y valiosos General General Depósito 08.04.2011 LF1   923.17293 T866F | v. 1, e. 3 27013-30 25.06.2020 25.06.2020 Préstamo en sala    
      Raros y valiosos General General Depósito 06.03.2019 LF1   923.17293 T866F | v. 2, e. 3 27013-90 25.06.2020 25.06.2020 Préstamo en sala   Perteneció a la biblioteca personal de Martínes Boog,
    Excluido de préstamo Raros y valiosos Patrimonio Dominicano Patrimonio Dominicano Depósito 28.03.2011 LF1   923.17293 T866F | v. 1 27013-10 25.06.2020 25.06.2020 No se presta    
    Excluido de préstamo Raros y valiosos Patrimonio Dominicano Patrimonio Dominicano Depósito 31.03.2011 LF1   923.17293 T866F | v. 1, e. 2 27013-20 25.06.2020 25.06.2020 No se presta   Perteneció a la biblioteca personal de Germán Emilio Ornes.
      Raros y valiosos Patrimonio Dominicano Patrimonio Dominicano Depósito 12.04.2011 LF1   923.17293 T866F | v. 1, e. 4 27013-40 25.06.2020 25.06.2020 Préstamo en sala   Perteneció a la biblioteca personal de Julio Ortega Frier.
    Excluido de préstamo Raros y valiosos Patrimonio Dominicano Patrimonio Dominicano Depósito 23.07.2015 LF1   923.17293 T866F | v. 2 27013-70 25.06.2020 25.06.2020 No se presta    
    Excluido de préstamo Raros y valiosos Patrimonio Dominicano Patrimonio Dominicano Depósito 06.03.2019 LF1   923.17293 T866F | v. 2, e. 2 27013-80 25.06.2020 25.06.2020 No se presta   Perteneció a la biblioteca personal de Julio Ortega Frier.

Powered by Koha